Adivina el pais por la foto - Estadísticas

Estadísticas generales
  • Esta prueba ha sido intentada 58 veces
  • La puntuación promedio es 9 de 16
Estadísticas de respuestas
Imagen Respuesta % Correcto
Japon
96%
Perú
96%
Estados Unidos
94%
Australia
92%
Chile
84%
Italia
84%
Alemania
59%
España
59%
Mongolia
45%
Noruega
43%
Túnez
27%
Afganistán
24%
Colombia
22%
Polonia
20%
Moldavia
14%
Seychelles
12%
No se encontraron pruebas coincidentes
Distribución de puntuación
Porcentaje de gente con cada puntuación
Porcentaje por número respondido
Historial de tus puntuaciones
No has intentado esta prueba.